000 00550nam a22001817a 4500
005 20231027103937.0
008 231027b |||||||| |||| 00| 0 eng d
020 _a0702111686
041 _aEnglish
082 _a657 BOB
100 _aBobrov, J and Faul, MA
_lEnglish
245 _aThe Keeping of Attorneys' Books /
_cJ Bobrov and MA Faul
250 _aThird Edition
260 _aCape Town :
_bJuta and Company Ltd,
_c1981
300 _bix, 117 pages ;
_c26 cm.
650 _aLegal practice
_bLaw
942 _cBK
_6ALISON_BN_VRIES
999 _c114
_d114